000 00363nam a2200133 i 4500
001 bg
100 1 _aUSTASIAK, Mieczysław
245 0 _aAnaliza metod badań zmęczenia cieplnego na przykładie stali WDN 1 /
_cMieczysław Ustasiak.
260 _aSzczecin,
_c1977.
040 _cBPK
041 _apol
942 _cKS
008 s pl f |000 0 pol
999 _c17731
_d17731
856 _uhttp://koha.tu.koszalin.pl/cgi-bin/koha/opac-detail.pl?biblionumber=17731
_yKatalog online BPK